[Event "SLO-chT2 East"]
[Site "Slovenia"]
[Date "2013.10.26"]
[Round "5"]
[White "Juric, Marko"]
[Black "Berberovic, Fadil"]
[Result "1/2-1/2"]
[WhiteElo "1841"]
[BlackElo "2053"]
[PlyCount "27"]
[EventDate "2013.09.07"]
[EventType "team-tourn"]
[EventRounds "9"]
[EventCountry "SLO"]
[SourceTitle "EXT 2015"]
[Source "ChessBase"]
[SourceDate "2014.11.20"]
[SourceVersion "1"]
[SourceVersionDate "2014.11.20"]
[SourceQuality "1"]

1. e4 e6 2. d4 h6 3. f4 d5 4. exd5 Qxd5 5. Nf3 Nf6 6. Bd3 Nc6 7. c3 Be7 8. 0-0 0-0 9. Qe2 a6 10. h3 b6 11. Be3 Bb7 12. c4 Qd8 13. a3 Na5 14. Nbd2 1/2-1/2

[Event "SLO-chT2 East"]
[Site "Brezice Maribor"]
[Date "2008.10.18"]
[Round "7"]
[White "Berberovic, Fadil"]
[Black "Sostaric, Marko"]
[Result "1/2-1/2"]
[WhiteElo "2117"]
[BlackElo "2123"]
[PlyCount "38"]
[EventDate "2008.10.24"]
[EventType "team-tourn"]
[EventRounds "9"]
[EventCountry "SLO"]
[SourceTitle "EXT 2010"]
[Source "ChessBase"]
[SourceDate "2010.11.25"]
[SourceVersion "1"]
[SourceVersionDate "2010.11.25"]
[SourceQuality "1"]

1. d4 Nf6 2. c4 d6 3. Nc3 Nbd7 4. Nf3 e5 5. Bg5 c6 6. e3 Be7 7. Be2 0-0 8. 0-0 Re8 9. Qc2 Qc7 10. Rad1 Nf8 11. c5 exd4 12. cxd6 Qxd6 13. Nxd4 Qc5 14. Bf4 Ne6 15. Nb3 Qb6 16. Bg3 Nc5 17. Nd4 a5 18. a3 Bf8 19. Bf3 Bg4 1/2-1/2

[Event "SLO-chT2 East"]
[Site "Brezice Maribor"]
[Date "2008.09.13"]
[Round "5"]
[White "Berberovic, Fadil"]
[Black "Hrvacic, Pavle"]
[Result "1-0"]
[WhiteElo "2117"]
[BlackElo "2296"]
[PlyCount "24"]
[EventDate "2008.10.24"]
[EventType "team-tourn"]
[EventRounds "9"]
[EventCountry "SLO"]
[SourceTitle "EXT 2010"]
[Source "ChessBase"]
[SourceDate "2010.11.25"]
[SourceVersion "1"]
[SourceVersionDate "2010.11.25"]
[SourceQuality "1"]

1. d4 d6 2. c4 f5 3. Nc3 Nf6 4. Bf4 g6 5. Nf3 Bg7 6. h3 0-0 7. e3 Nh5 8. Bh2 f4 9. e4 c5 10. e5 h6 11. Bd3 Qe8 12. Qc2 a6 1-0

[Event "SLO-chT2 East"]
[Site "Velenje"]
[Date "2005.11.23"]
[Round "8"]
[White "Tomazic, Martin"]
[Black "Berberovic, Fadil"]
[Result "1/2-1/2"]
[WhiteElo "1739"]
[BlackElo "2133"]
[PlyCount "33"]
[EventDate "2005.05.27"]
[EventType "team"]
[EventRounds "9"]
[EventCountry "SLO"]
[SourceTitle "EXT 2009"]
[Source "ChessBase"]
[SourceDate "2008.11.26"]
[SourceVersion "1"]
[SourceVersionDate "2008.11.26"]
[SourceQuality "1"]

1. e4 e6 2. d4 d5 3. e5 c5 4. c3 Nc6 5. Nf3 Qb6 6. a3 Nge7 7. b4 cxd4 8. cxd4 Nf5 9. Bb2 Be7 10. Bd3 Bd7 11. Bxf5 exf5 12. Nc3 Be6 13. Rc1 0-0 14. 0-0 a6 15. Na4 Qa7 16. Nc5 Rac8 17. Qd3 1/2-1/2

[Event "SLO-chT2 East"]
[Site "Velenje"]
[Date "2005.10.28"]
[Round "6"]
[White "Berberovic, Fadil"]
[Black "Kokosinek, Ervin"]
[Result "1/2-1/2"]
[WhiteElo "2133"]
[BlackElo "1971"]
[PlyCount "117"]
[EventDate "2005.05.27"]
[EventType "team"]
[EventRounds "9"]
[EventCountry "SLO"]
[SourceTitle "EXT 2009"]
[Source "ChessBase"]
[SourceDate "2008.11.26"]
[SourceVersion "1"]
[SourceVersionDate "2008.11.26"]
[SourceQuality "1"]

1. d4 Nf6 2. c4 g6 3. Nc3 Bg7 4. h3 d6 5. Bf4 Nc6 6. Nf3 Nh5 7. Bh2 0-0 8. e3 e5 9. dxe5 Nxe5 10. Nxe5 Bxe5 11. Bxe5 dxe5 12. Qxd8 Rxd8 13. Be2 Be6 14. b3 Ng7 15. Rd1 Rxd1+ 16. Kxd1 Rd8+ 17. Kc1 c6 18. Rd1 Rxd1+ 19. Kxd1 f5 20. b4 Kf8 21. b5 Ke7 22. Kc2 Kd6 23. Kb3 c5 24. a4 b6 25. a5 Ne8 26. a6 Nc7 27. e4 fxe4 28. Nxe4+ Ke7 29. Kc3 Bf5 30. Nd2 Ne6 31. g4 Nd4 32. Bf3 Nxf3 33. Nxf3 Be4 34. Nxe5 Ke6 35. Nd3 g5 36. Ne1 Ke5 37. f3 Bg6 38. Ng2 h6 39. h4 gxh4 40. Nxh4 Bf7 41. Ng2 h5 42. Kd3 Bg6+ 43. Kc3 Bf7 44. gxh5 Bxh5 45. Ne1 Kf5 46. f4 Be2 47. Ng2 Bf3 48. Nh4+ Kxf4 49. Ng6+ Kf5 50. Ne7+ Ke6 51. Nc8 Kd7 52. Nxa7 Kc7 53. Kd3 Bg2 54. Ke3 Bf1 55. Nc6 Bxc4 56. Na7 Kb8 57. Nc6+ Ka8 58. Ne7 Bxb5 59. Nc8 1/2-1/2